Rights in Constitutional Law : (Record no. 5799)

MARC details
000 -LEADER
fixed length control field 00523nam a22001817a 4500
003 - CONTROL NUMBER IDENTIFIER
control field OSt
005 - DATE AND TIME OF LATEST TRANSACTION
control field 20171020194055.0
008 - FIXED-LENGTH DATA ELEMENTS--GENERAL INFORMATION
fixed length control field 131028b xxu||||| |||| 00| 0 eng d
040 ## - CATALOGING SOURCE
Original cataloging agency LDCLIB
Transcribing agency LDCLIB
082 ## - DEWEY DECIMAL CLASSIFICATION NUMBER
Edition number 22
Classification number 341.41085
Item number BHA
100 ## - MAIN ENTRY--PERSONAL NAME
Personal name Bhansali, SR
245 ## - TITLE STATEMENT
Title Rights in Constitutional Law :
Remainder of title along with international human rights documents /
Statement of responsibility, etc Bhansali, SR
250 ## - EDITION STATEMENT
Edition statement 3rd ed.
260 ## - PUBLICATION, DISTRIBUTION, ETC. (IMPRINT)
Place of publication, distribution, etc India :
Name of publisher, distributor, etc LexisNexis,
Date of publication, distribution, etc 2008.
300 ## - PHYSICAL DESCRIPTION
Extent clxiii,;1198 p.;
Dimensions 24 cm.
650 ## - SUBJECT ADDED ENTRY--TOPICAL TERM
Topical term or geographic name as entry element Human rights
942 ## - ADDED ENTRY ELEMENTS (KOHA)
Source of classification or shelving scheme Dewey Decimal Classification
Koha item type Books
Holdings
Withdrawn status Lost status Source of classification or shelving scheme Damaged status Not for loan Home library Current library Shelving location Date acquired Total Checkouts Full call number Barcode Date last seen Price effective from Koha item type
    Dewey Decimal Classification     Law Development Centre Main Library Law Development Centre Main Library Text Books and Laws 10/28/2013   341.41085 BHA 8052/2013 10/28/2013 10/28/2013 Books